Colonialism/postcolonialism

Αποθηκεύτηκε σε:
Λεπτομέρειες βιβλιογραφικής εγγραφής
Κύριος συγγραφέας: Loomba, Ania
Μορφή: Βιβλίο
Γλώσσα:English
Δημοσίευση: London : Routledge, 2005
Έκδοση:2nd ed.
Σειρά:The new critical idiom
Θέματα:
Ετικέτες: Προσθήκη ετικέτας
Δεν υπάρχουν, Καταχωρήστε ετικέτα πρώτοι!

MARC

LEADER 00000nam a2200000 i 4500
001 1/78190
008 080320s2005 eng d
020 |a 978-0-415-35064-8 (pbk.) 
020 |a 0-415-35064-6 (pbk.) 
035 |l 10095668 
040 |a GR-MY-UA  |b gre  |e aacr 
041 0 |a eng 
082 0 |a 325.3  |2 (22) 
100 1 |a Loomba, Ania. 
245 1 0 |a Colonialism/postcolonialism /  |c Ania Loomba 
250 |a 2nd ed. 
260 |a London :   |b Routledge,   |c 2005 
300 |a 289 σ.;  |c 20 εκ. 
490 1 |a The new critical idiom 
504 |a Περιέχει βιβλιογραφικές παραπομπές και ευρετήριο 
650 0 0 |a Postcolonialism. 
830 0 |a The new critical idiom 
852 |a INST  |b LESVOS  |e 20080320  |h 325.3 LOO  |p 005100039410  |q 005100039410  |t BK  |y 0 
901 |a BIBL1-2008-1 
909 |a Λ  |b 143114 
922 |a 1ΕΛΗ  |b 200712  |c ΕΠΕΑΕΚ2/ΤΚΑ  |d ΠΑΠΑΣΩΤΗΡΙΟΥ 
970 |a ΚΑΡΑ  |b ΓΙΑΣΕΜΗ  |z 2008/03/20